000 00805nam a2200193 a 4500
001 000035128
005 20200930074125.0
008 111025s1895 sp 000 0 spa d
040 _aDO-SdBNP
_bspa
_cBNPHU
100 1 _aMontesinos, Eduardo
_960817
240 1 0 _aEl niño de Jerez.
_kLibreto
245 1 3 _aEl niño de jerez :
_bzarzuela cómica en un acto, en prosa y verso /
_coriginal de Eduardo Montesinos y Antonio Paso ; música del maestro Zabala.
260 _aMadrid :
_bFlorencio Fiscowich, Arregui y Aruej,
_c1895.
300 _a36 p. ;
_c21 cm.
490 1 _aBiblioteca lírico-dramática y Teatro cómico
500 _aEstrenada en el Teatro Eslava el 16 de diciembre de 1895
700 1 _aPaso, Antonio,
_d(1870-1958)
_960818
830 0 _aBiblioteca lírico-dramática y Teatro cómico
_960819
999 _c34619
_d34619